Keeper of the Lost Cities Character by Ability - Statistics

General Stats
  • This quiz has been taken 241 times
    235 since last reset
  • The average score is 31 of 66
Answer Stats
Hint Answer % Correct
Telepath Sophie Foster
100%
Inflictor Sophie Foster
100%
Teleporter Sophie Foster
100%
Polyglot Sophie Foster
100%
Enhancer Sophie Foster
100%
Telepath Fitz Vacker
98%
Empath Keefe Sencen
95%
Telepath Alden Vacker
89%
Technopath Dex Diznee
89%
Vanisher Biana Vacker
88%
Hydrokinetic Lihn Song
82%
Shade Tam Song
81%
Conjurer Edaline Reuwen
78%
Vanisher Della Vacker
77%
Pyrokinetic Marella Redek
74%
Pyrokinetic Fintan Pyren
67%
Pyrokinetic Brant Alger
65%
Telepath Mr. Forkle
65%
Vanisher Alvar Vacker
62%
Inflictor Councilor Bronte
62%
Beguiler Councilor Alina
59%
Empath Cassius Sencen
57%
Psionipath Maruca Chibota
56%
Empath Councilor Oralie
55%
Conjurer Lady Gisela
52%
Polyglot Lady Gisela
52%
Flasher Wylie Endal
52%
Psionipath Ruy Ignis
50%
Telepath Tiergan Alenfar
50%
Descryer Councilor Terik
49%
Telepath Councilor Kenric
48%
Flasher Elwin Heslege
48%
Talentless Rex Diznee
47%
Phaser Bex Diznee
45%
Telepath Councilor Emery
45%
Froster Juline Diznee
44%
Froster Lex Diznee
43%
Empath Stina Heks
43%
Shade Umber
41%
Talentless Kesler Diznee
35%
Conjurer Jolie Reuwen
34%
Telepath Prentince Endal
32%
Guster Trix
29%
Vociferator Councilor Noland
28%
Technopath Tinker
28%
Charger Couincilor Zarina
25%
Telepath Quinlin Sonden
25%
Telepath Gethen Ondsinn
24%
Phaser Blur
22%
Flasher Glimmer
21%
Conjurer Lady Cadence Talle
21%
Polyglot Lady Cadence Talle
21%
Vanisher Wraith
21%
Flasher Cyrah Endal
20%
Empath Vespera Folend
20%
Shade Lady Zillah
18%
Phaser Councilor Darek
17%
Polyglot Clarette
16%
Guster Councilor Velia
14%
Empath Vika Heks
13%
Flasher Orem Vacker
9%
Talentless Timkin Heks
9%
Vanisher Councilor Ramira
7%
Phaser Fernan Babblos
1%
Technopath Lady Iskra
1%
Flasher Luvia Vacker
1%
No matching quizzes found
Score Distribution
Percent of People with Each Score
Percentile by Number Answered
Your Score History
You have not taken this quiz since the last reset